Best of jataka tales / (Record no. 21813)

MARC details
000 -LEADER
fixed length control field 00812nam a22002057a 4500
005 - DATE AND TIME OF LATEST TRANSACTION
control field 20090121095850.0
008 - FIXED-LENGTH DATA ELEMENTS--GENERAL INFORMATION
fixed length control field 090121t xxu||||| |||| 00| 1 eng d
010 ## - LCCN (DPL NO)
LC control number B-358974
020 ## - INTERNATIONAL STANDARD BOOK NUMBER
International Standard Book Number 8175735910
Terms of availability 135.00
035 ## - SYSTEM CONTROL NUMBER
System control number B-358974
037 ## - SOURCE OF ACQUISITION
Source of stock number/acquisition Blueberry Books
040 ## - CATALOGING SOURCE
Original cataloging agency dpl
Language of cataloging English
082 ## - DEWEY DECIMAL CLASSIFICATION NUMBER
Classification number S
245 ## - TITLE STATEMENT
Title Best of jataka tales /
Statement of responsibility, etc retold & edited by Shyam Dua
260 ## - PUBLICATION, DISTRIBUTION, ETC. (IMPRINT)
Place of publication, distribution, etc Delhi
Name of publisher, distributor, etc Tiny Tot Publications
Date of publication, distribution, etc 2008
300 ## - PHYSICAL DESCRIPTION
Extent 144 p.:
Other physical details col. photos
Dimensions 25cm(Hb)
942 ## - ADDED ENTRY ELEMENTS (KOHA)
Source of classification or shelving scheme Dewey Decimal Classification
Item type Children Books
Classification part S
Call number suffix BES
Holdings
Withdrawn status Lost status Source of classification or shelving scheme Damaged status Not for loan Collection code Home library Current library Date acquired Source of acquisition Cost, normal purchase price Total Checkouts Full call number Barcode Date last seen Copy number Cost, replacement price Koha item type
    Dewey Decimal Classification     Fiction Janak Puri Janak Puri 21/01/2009 Blueberry Books/5312/14.9.09/82/2.9.09/24.9.09 135.00 3 S BES B-358974 18/05/2010 1 135.00 Children Books

© Delhi Public Library
Hit Counter
free hit counter